UBT Library

Boom! : (Record no. 44856)

000 -LEADER
fixed length control field 00871cam a2200229 a 4500
001 - CONTROL NUMBER
control field 14933158
005 - DATE AND TIME OF LATEST TRANSACTION
control field 20180313053251.0
008 - FIXED-LENGTH DATA ELEMENTS--GENERAL INFORMATION
fixed length control field 070718s2007 nyua 001 0deng
010 ## - LIBRARY OF CONGRESS CONTROL NUMBER
LC control number 2007028253
020 ## - INTERNATIONAL STANDARD BOOK NUMBER
International Standard Book Number 9781400064571 (alk. paper)
040 ## - CATALOGING SOURCE
Original cataloging agency DLC
Transcribing agency DLC
Modifying agency DLC
041 ## - LANGUAGE CODE
Language code of text/sound track or separate title eng
043 ## - GEOGRAPHIC AREA CODE
Geographic area code n-us---
080 ## - UNIVERSAL DECIMAL CLASSIFICATION NUMBER
Universal Decimal Classification number 973.92 tom
082 00 - DEWEY DECIMAL CLASSIFICATION NUMBER
Classification number 973.92 tom
Edition number 22
100 1# - Rafti
Rafti 16
101 ## - Shkurtesa
Shkurtesa his
245 10 - TITLE STATEMENT
Title Boom! :
Statement of responsibility, etc Tom Brokaw.
906 ## - LOCAL DATA ELEMENT F, LDF (RLIN)
a 7
b cbc
c orignew
d 1
e ecip
f 20
g y-gencatlg
942 ## - ADDED ENTRY ELEMENTS (KOHA)
Source of classification or shelving scheme
Item type Books
Holdings
Withdrawn status Lost status Source of classification or shelving scheme Damaged status Not for loan Collection code Permanent location Current location Shelving location Date acquired Total Checkouts Full call number Barcode Date last seen Price effective from Koha item type
          Koleksioni i përgjithshem UBT - Lipjan UBT - Lipjan Koleksioni i përgjithshem 03/13/2018   973.92 tom 002-3002019 03/13/2018 03/13/2018 Books
UBT Library © 2015-2024. All rights reserved University Education for Business and Technology